Cultura Generale #1 - Statistics

Statistiche generali
  • Questo quiz è stato fatto 133 volte
  • Il punteggio medio è 12 su 15
Statistiche sulle risposte
Domanda Risposta % Corretto
Chi ha scritto la Divina Commedia Dante Alighieri
100%
Pavimento in inglese Floor
96%
Città giapponesi colpite dalla bomba atomica nella Seconda Guerra Mondiale Hiroshima-Nagasaki
96%
Capitale dell'Egitto Il Cairo
96%
Quale Transatlantico affondò il 15 Aprile 1912 nell'Oceano Atlantico Titanic
96%
Chi scoprì la forza di gravità Isaac Newton
93%
Nazione che ha vinto più mondiali di Calcio Brasile
89%
Numero di stati degli Stati Unito 50
85%
Dove si svolsero le Olimpiadi nel 2016 Rio de Janeiro
85%
Capitale del Camerun Yaoundé
85%
Paese più piccolo al Mondo Città del Vaticano
81%
Fiume più lungo del mondo Nilo
67%
Nome della persone sulla copertina George Washington
63%
Nome della regione Francese in Sudamerica Guyana
52%
Primo imperatore di Roma Giulio Cesare
15%
Nessun quiz corrispondente trovato
Distribuzione punteggi
Percentuale di utenti per punteggio
Percentile per numero di risposta
I tuoi punteggi nel tempo
Non hai fatto questo quiz